000 00582nam a22001937a 4500
005 20171228112723.0
010 _aENG-121981
020 _a9788183501972
_c260.00
035 _aEN-105513
037 _bDBAD/PUB
082 _a330.954
100 _aBhargava, B.K.
245 _aIndian economy :
_cby B.K. Bhargava [and] Vandana Sethi
_bPerformance and Policies /
260 _aNew Delhi
_bSultan Chand
_c2014
270 _a4859/24, Darya Ganj,
_bNew Delhi
_e110002
300 _a152p.
_c22cm(Hb)
700 _a Sethi, Vandana
942 _2ddc
_cEN
_h330.954
_mBHA
999 _c148506
_d148506